Firemní finanční politiky a finanční plánování
Salvato in:
| Autore principale: | |
|---|---|
| Natura: | Libro |
| Lingua: | ceco |
| Pubblicazione: |
Praha
Vysoká škola finanční a správní
2006
|
| Serie: | EUPRESS
|
| Soggetti: | |
| Tags: |
Nessun Tag, puoi essere il primo ad aggiungerne!!
|
MARC
| LEADER | 00000nam$a2200000$$$4500 | ||
|---|---|---|---|
| 001 | 0073962 | ||
| 005 | 20240311124932.6 | ||
| 020 | |a 80-86754-58-8 | ||
| 041 | 0 | |a cze | |
| 044 | |a CZ | ||
| 245 | 1 | 0 | |a Firemní finanční politiky a finanční plánování |c Stanislav Mareš |
| 264 | 1 | |a Praha |b Vysoká škola finanční a správní |c 2006 | |
| 300 | |a 81 s. | ||
| 490 | 1 | |a EUPRESS | |
| 830 | 0 | |a EUPRESS | |
| 610 | 2 | 0 | |a politika podniková |
| 610 | 2 | 0 | |a politika finančná |
| 610 | 2 | 0 | |a plánovanie finančné |
| 610 | 2 | 0 | |a financovanie podnikov |
| 610 | 2 | 0 | |a hospodárstvo podniku finančné |
| 610 | 2 | 0 | |a analýza finančná |
| 100 | 1 | |a Mareš, Stanislav | |